| 000 | 00452nam a2200217Ia 4500 | ||
|---|---|---|---|
| 001 | 084285 | ||
| 003 | YMCAF | ||
| 005 | 20230512161443.0 | ||
| 008 | 100717s2002 ||||||||||||||||| ||und|d | ||
| 024 | _a84285 | ||
| 035 | _a23745 | ||
| 040 |
_aYMCAF _beng _cIN-KoLT |
||
| 041 | _aeng | ||
| 082 |
_a005.282 _bMUS |
||
| 100 | _aMuster, John | ||
| 245 | 0 | _aUnix made easy | |
| 250 | _a3rd | ||
| 260 |
_bTMH _c2002 |
||
| 300 | _a1011 | ||
| 942 |
_2ddc _cBK |
||
| 999 |
_c8679 _d8679 |
||